Statistics for golfers by brand

Click here to take the quiz!

General Stats

  • This quiz has been taken 284 times
  • The average score is 9 of 15

Answer Stats

PlayerBrand% Correct
rory mcilroynike
95%
tiger woodsnike
85%
rickie fowlercobra
77%
phil mickelsoncallaway
76%
sergio garciataylormade
62%
bubba watsonping
61%
jason daytaylormade
60%
justin rosetaylormade
58%
adam scotttitleist
51%
justin rosetaylormade
48%
martin kaymertaylormade
47%
jason dufnertitleist
43%
hunter mahanping
41%
jordan spiethunder armour
38%
graeme mcdowellsrixon
21%

Score Distribution

Percentile by Number Answered

Percent of People with Each Score

Your Score History

You have not taken this quiz